10 Levels of the English Football Pyramid - Statistics

General Stats
  • This quiz has been taken 102 times
  • The average score is 12 of 52
Answer Stats
System Division League % Correct
EFL 1 Premier League
100%
EFL 2 EFL Championship
98%
EFL 3 EFL League One
84%
EFL 4 EFL League Two
84%
Non-League 5 National League
78%
Non-League 6 National League North
70%
Non-League 6 National League South
70%
Non-League 8 Isthmian League Division One South Central
28%
Non-League 8 Isthmian League Division One South North
28%
Non-League 8 Isthmian League Division One South South East
28%
Non-League 7 Isthmian League Premier Division
28%
Non-League 8 Southern League Division One Central
26%
Non-League 8 Southern League Division One South
26%
Non-League 8 Northern Premier League Division One East
21%
Non-League 8 Northern Premier League Division One Midlands
21%
Non-League 8 Northern Premier League Division One West
21%
Non-League 7 Northern Premier League Premier Division
21%
Non-League 9 Northern League Division One
20%
Non-League 10 Northern League Division Two
20%
Non-League 10 Combined Counties League Division One
13%
Non-League 9 Combined Counties League Premier Division North
13%
Non-League 9 Combined Counties League Premier Division South
13%
Non-League 9 Essex Senior League
13%
Non-League 7 Southern League Premier Central
13%
Non-League 7 Southern League Premier South
13%
Non-League 10 Western League Division One
13%
Non-League 9 Western League Premier Division
13%
Non-League 10 North West Counties League Division One North
12%
Non-League 10 North West Counties League Division One South
12%
Non-League 9 North West Counties League Premier Division
12%
Non-League 10 Hellenic League Division One
10%
Non-League 9 Hellenic League Premier Division
10%
Non-League 10 Wessex League Division One
10%
Non-League 9 Wessex League Premier Division
10%
Non-League 10 Midland League Division One
8%
Non-League 9 Midland League Premier Division
8%
Non-League 10 United Counties League Division One
8%
Non-League 9 United Counties League Premier Division North
8%
Non-League 9 United Counties League Premier Division South
8%
Non-League 10 Eastern Counties League Division One North
7%
Non-League 10 Eastern Counties League Division One South
7%
Non-League 9 Eastern Counties League Premier Division
7%
Non-League 10 Spartan South Midlands League Division One
7%
Non-League 9 Spartan South Midlands League Premier Division
7%
Non-League 10 Northern Counties East League Division One
6%
Non-League 9 Northern Counties East League Premier Division
6%
Non-League 10 Southern Combination League Division One
6%
Non-League 9 Southern Combination League Premier Division
6%
Non-League 10 South West Peninsula League Premier Division East
6%
Non-League 10 South West Peninsula League Premier Division West
6%
Non-League 10 Southern Counties East League Division One
5%
Non-League 9 Southern Counties East League Premier Division
5%
No matching quizzes found
Score Distribution
Percent of People with Each Score
Percentile by Number Answered
Your Score History
You have not taken this quiz